| 000 | nam a22 7a 4500 | ||
|---|---|---|---|
| 999 |
_c55317 _d55317 |
||
| 005 | 20190809101929.0 | ||
| 008 | 190705b mx ||||| |||| 00| 0 spa d | ||
| 050 | 0 | 4 |
_aSF239 _bB37 1979 |
| 100 | _aBarrett, M. A. | ||
| 240 | 1 | 0 |
_aMilk and beef production in the tropics _lEspañol |
| 245 |
_aProducción lechera y de carne de res en los trópicos _cM. A. Barrett, P. J. Larkin ; traductor Agustín Cortín. |
||
| 250 | _a1a ed. | ||
| 260 |
_aMéxico : _bDiana, _c1979 |
||
| 300 |
_a301 p. : _bil. ; _c23 cm. |
||
| 504 | _aincluye índices | ||
| 650 | 7 |
_2lemb _aGanado lechero |
|
| 650 | 7 |
_2lemb _aGanado de carne |
|
| 700 | 1 |
_aLarkin, P. J., _eautor |
|
| 700 | 1 |
_aContín, Agustín, _etraductor |
|
| 942 |
_2lcc _cLIB |
||